Vista normal Vista MARC

Entrada Nombre personal

Número de registros utilizados en: 1

001 - CONTROL NUMBER

  • control field: 172290

003 - CONTROL NUMBER IDENTIFIER

  • control field: OSt

005 - DATE AND TIME OF LATEST TRANSACTION

  • control field: 20201025201257.0

008 - FIXED-LENGTH DATA ELEMENTS

  • fixed length control field: 201025|| aca||aabn | a|a d

040 ## - CATALOGING SOURCE

  • Original cataloging agency: OSt
  • Transcribing agency: OSt

100 ## - HEADING--PERSONAL NAME

  • Personal name: Puentes Benavides , Yadira Consuelo

670 ## - SOURCE DATA FOUND

  • Source citation: Work cat.: (OSt): Puentes Benavides , Yadira Consuelo , Evaluación de la política pública de empleo en Colombia análisis de impacto en la ciudad de Sogamoso 2006-2010